Guess the Fusion Rock Song Lyrics #305 - Statistics

General Stats
  • This quiz has been taken 11 times
  • The average score is 183 of 262
Answer Stats
Answer % Correct
do
100%
I
100%
love
100%
no
100%
when
100%
a
88%
and
88%
be
88%
is
88%
me
88%
on
88%
the
88%
this
88%
to
88%
To
88%
way
88%
we
88%
with
88%
you
88%
You
88%
as
75%
feel
75%
Feel
75%
good
75%
in
75%
In
75%
It
75%
it
75%
know
75%
like
75%
Like
75%
make
75%
oh
75%
right
75%
There
75%
Well
75%
we'll
75%
your
75%
baby
63%
feels
63%
Feels
63%
of
63%
so
63%
So
63%
tonight
63%
We're
63%
at
50%
How
50%
out
50%
Together
50%
wanna
50%
life
38%
whoa
38%
between
25%
face
25%
Hey
25%
live
25%
saying
25%
space
25%
stay
25%
being
13%
Brenda Russell
13%
child
13%
kiss
13%
laugh
13%
looking
13%
ocean
13%
play
13%
sea
13%
shores
13%
young
13%
breathe
0%
Exchanging
0%
force
0%
nowhere
0%
praying
0%
rain
0%
singing
0%
sun
0%
turn
0%
No matching quizzes found
Score Distribution
Percent of People with Each Score
Percentile by Number Answered
Your Score History
You have not taken this quiz